[Event "USA Championship 2009"]
[Site "Saint Louis USA"]
[Date "2009.05.08"]
[Round "1.2"]
[White "Ibragimov, Ildar"]
[Black "Kamsky, Gata"]
[Result "0-1"]
[WhiteElo "2586"]
[BlackElo "2720"]
[PlyCount "72"]
[EventDate "2009.05.09"]
[EventType "swiss"]
[EventRounds "9"]
[EventCountry "USA"]
[Source "lmi"]
[SourceDate "2009.05.08"]

1. c4 Nf6 2. Nc3 d5 3. cxd5 Nxd5 4. g3 g6 5. Bg2 Nxc3 6. bxc3 Bg7 7. Rb1 Nc6 8.
h4 h6 9. d4 Na5 10. e4 b6 11. e5 Be6 12. Nh3 Bd5 13. Bf3 c6 14. Nf4 e6 15. O-O
Bxa2 16. Ra1 Bd5 17. Be2 Bb3 18. Qe1 O-O 19. Rxa5 bxa5 20. Ba3 c5 21. Bxc5 Rc8
22. Bd6 Re8 23. h5 g5 24. Bd3 Bc4 25. Bb4 Rc6 26. Ba3 Rb6 27. Bc2 Qa8 28. Be4
Qc8 29. Nd3 Rb3 30. Bc5 Bf8 31. Bxf8 Kxf8 32. Nc5 Rb5 33. Qe3 Bxf1 34. Kxf1 a4
35. c4 Rxc5 36. dxc5 Qa6 0-1

[Event "USA Championship 2009"]
[Site "Saint Louis USA"]
[Date "2009.05.08"]
[Round "1.6"]
[White "Becerra Rivero, Julio"]
[Black "Robson, Ray"]
[Result "1-0"]
[WhiteElo "2609"]
[BlackElo "2465"]
[PlyCount "67"]
[EventDate "2009.05.09"]
[EventType "swiss"]
[EventRounds "9"]
[EventCountry "USA"]
[Source "lmi"]
[SourceDate "2009.05.08"]

1. e4 c5 2. Nf3 d6 3. d4 cxd4 4. Nxd4 Nf6 5. Nc3 e6 6. g4 e5 7. Bb5+ Bd7 8.
Bxd7+ Qxd7 9. Nf5 h5 10. gxh5 Nxh5 11. Be3 Na6 12. Qf3 g6 13. Ng3 Nc7 14. O-O-O
b6 15. Kb1 O-O-O 16. Rd2 Nf4 17. h4 Bh6 18. h5 Nxh5 19. Nxh5 gxh5 20. Rxh5 Bxe3
21. fxe3 Rxh5 22. Qxh5 Qe6 23. Qf3 Rh8 24. b3 Rh3 25. Qe2 Kb7 26. Kb2 Qh6 27.
Rd3 Qg6 28. Qd1 Rh6 29. Rd2 Qf6 30. a4 Rg6 31. Qe1 Qg7 32. Qf1 Rg1 33. Qc4 Qf6
34. Qxc7+ 1-0

[Event "USA Championship 2009"]
[Site "Saint Louis USA"]
[Date "2009.05.08"]
[Round "1.12"]
[White "Gulko, Boris F"]
[Black "Hughes, Tyler B"]
[Result "0-1"]
[WhiteElo "2561"]
[BlackElo "2230"]
[PlyCount "82"]
[EventDate "2009.05.09"]
[EventType "swiss"]
[EventRounds "9"]
[EventCountry "USA"]
[Source "lmi"]
[SourceDate "2009.05.08"]

1. d4 Nf6 2. c4 g6 3. Nc3 Bg7 4. Bg5 d6 5. e3 O-O 6. Be2 h6 7. Bh4 c5 8. d5 Bf5
9. f3 g5 10. Bf2 e6 11. h4 exd5 12. hxg5 hxg5 13. cxd5 Qa5 14. Bd3 Bxd3 15.
Qxd3 Nbd7 16. Nge2 Rfe8 17. Kf1 Ne5 18. Qf5 Nc4 19. Qxg5 Re5 20. Qf4 Nxb2 21.
Rb1 Nd3 22. Qc4 Nxf2 23. Kxf2 Rae8 24. e4 R5e7 25. Rh4 a6 26. a4 Nd7 27. Rxb7
Ne5 28. Rxe7 Rxe7 29. Qb3 Qd8 30. Nd1 c4 31. Qe3 Rb7 32. Rh5 Nd3+ 33. Kg3 Rb1
34. Nf2 Be5+ 35. Rxe5 Nxe5 36. Nd4 Qf6 37. Nf5 Rb3 38. Qf4 Qg6+ 39. Ng4 Qxg4+
40. Qxg4+ Nxg4 41. Kxg4 c3 0-1

[Event "USA Championship 2009"]
[Site "Saint Louis USA"]
[Date "2009.05.10"]
[Round "3.4"]
[White "Benjamin, Joel"]
[Black "Friedel, Joshua E"]
[Result "0-1"]
[WhiteElo "2583"]
[BlackElo "2516"]
[PlyCount "119"]
[EventDate "2009.05.09"]
[EventType "swiss"]
[EventRounds "9"]
[EventCountry "USA"]
[Source "lmi"]
[SourceDate "2009.05.08"]

1. d4 Nf6 2. Nf3 e6 3. g3 d5 4. Bg2 Be7 5. O-O O-O 6. c4 dxc4 7. Qc2 a6 8. a4
Bd7 9. Qxc4 Bc6 10. Nc3 b5 11. Qd3 b4 12. Nb1 Be4 13. Qd1 Nbd7 14. Bg5 c5 15.
Nbd2 Bd5 16. Ne5 Bxg2 17. Kxg2 Rc8 18. Rc1 cxd4 19. Rxc8 Qxc8 20. Ndf3 Nxe5 21.
Nxe5 Qc5 22. Bxf6 Bxf6 23. Nd3 Qd5+ 24. f3 b3 25. Qc1 Qb7 26. Nc5 Qb4 27. Nd7
Rd8 28. Nxf6+ gxf6 29. Qh6 d3 30. Qxf6 Qd4 31. Qg5+ Kf8 32. Qd2 dxe2 33. Qxe2
Qd2 34. Rf2 Qxe2 35. Rxe2 Rd4 36. a5 Rd5 37. g4 Rxa5 38. Re3 Rb5 39. Rc3 a5 40.
Kg3 a4 41. Rc8+ Ke7 42. Ra8 Rb4 43. Kh4 Rf4 44. Kg5 Rxf3 45. h4 f5 46. gxf5
Rxf5+ 47. Kh6 Rf2 48. Rxa4 Rxb2 49. Kxh7 Rh2 50. Kg6 Rg2+ 51. Kh7 b2 52. Rb4
Kd6 53. h5 Kc5 54. Rb8 Kc4 55. h6 Kc3 56. Kh8 Kc2 57. h7 Rh2 58. Rc8+ Kd1 59.
Rb8 Kc1 60. Rc8+ 0-1

[Event "USA Championship 2009"]
[Site "Saint Louis USA"]
[Date "2009.05.10"]
[Round "3.8"]
[White "Brooks, Michael A"]
[Black "Sevillano, Enrico"]
[Result "1/2-1/2"]
[WhiteElo "2463"]
[BlackElo "2520"]
[PlyCount "140"]
[EventDate "2009.05.09"]
[EventType "swiss"]
[EventRounds "9"]
[EventCountry "USA"]
[Source "lmi"]
[SourceDate "2009.05.08"]

1. e4 e6 2. d4 d5 3. Nc3 Bb4 4. e5 c5 5. a3 Bxc3+ 6. bxc3 Ne7 7. a4 Qc7 8. Nf3
b6 9. Be2 Ba6 10. O-O Bxe2 11. Qxe2 Nd7 12. Qd1 Nb8 13. Qe2 Nd7 14. Re1 O-O 15.
Bg5 Rfe8 16. c4 dxc4 17. Qxc4 Nd5 18. dxc5 Qxc5 19. Qg4 Qxc2 20. Rac1 Qg6 21.
Nh4 f5 22. exf6 N7xf6 23. Qg3 Qf7 24. Nf3 Nd7 25. Bd2 Nc5 26. Ne5 Qf5 27. Rc4
Re7 28. Bg5 Rb7 29. h3 Re8 30. a5 Nf6 31. Bxf6 Qxf6 32. axb6 axb6 33. Rf4 Qd8
34. Qf3 Rf8 35. Rxf8+ Qxf8 36. Qc6 Qd8 37. Ra1 h6 38. Qf3 Qf6 39. Ra8+ Kh7 40.
Qe2 Qf5 41. f3 Nd7 42. Nd3 Nc5 43. Ne5 Nd7 44. Nd3 Rc7 45. g4 Qd5 46. Rd8 Rc3
47. Nf2 Rxf3 48. Qc2+ g6 49. Qc7 Rf7 50. Qc3 Qe5 51. Qxe5 Nxe5 52. Rd6 Nf3+ 53.
Kg2 Nh4+ 54. Kf1 Rb7 55. Rxe6 b5 56. Re3 Kg7 57. Rb3 Kf6 58. Ne4+ Ke5 59. Nc5
Rf7+ 60. Ke2 Kd4 61. Rxb5 Re7+ 62. Kf2 Rf7+ 63. Kg3 Kc4 64. Rb7 Rf3+ 65. Kxh4
g5+ 66. Kh5 Rxh3+ 67. Kg6 Kxc5 68. Rh7 Rh4 69. Rxh6 Rxg4 70. Rh5 Kd4 1/2-1/2

[Event "USA Championship 2009"]
[Site "Saint Louis USA"]
[Date "2009.05.11"]
[Round "4.3"]
[White "Onischuk, Alexander"]
[Black "Hess, Robert L"]
[Result "1/2-1/2"]
[WhiteElo "2684"]
[BlackElo "2485"]
[PlyCount "93"]
[EventDate "2009.05.09"]
[EventType "swiss"]
[EventRounds "9"]
[EventCountry "USA"]
[Source "lmi"]
[SourceDate "2009.05.08"]

1. d4 Nf6 2. c4 e6 3. Nc3 Bb4 4. e3 O-O 5. Nf3 c5 6. Bd3 d5 7. O-O Nc6 8. a3
Ba5 9. Ne2 dxc4 10. Bxc4 cxd4 11. exd4 h6 12. Bf4 Bd7 13. Rc1 Ne7 14. Ne5 Rc8
15. Qd3 Ra8 16. Qd1 Rc8 17. Qd3 Bc6 18. Nxc6 Rxc6 19. Qf3 Nfd5 20. Be5 Bc7 21.
Qe4 Ng6 22. Bxd5 exd5 23. Bxc7 Qxc7 24. Qf3 Rc8 25. g3 Qb6 26. Rb1 Rc2 27. Nc3
Qb3 28. Qd1 Nf8 29. Re1 Ne6 30. Re2 Nxd4 31. Rxc2 Qxc2 32. Qxc2 Nxc2 33. Nxd5
Rd8 34. Rd1 Kf8 35. Kf1 Na1 36. Rd3 b6 37. Nb4 Rxd3 38. Nxd3 Ke7 39. Ne5 Ke6
40. Nc6 a5 41. Ke2 Nb3 42. Kd3 Kd6 43. Nd4 Nxd4 44. Kxd4 a4 45. Kc4 Kc6 46. Kb4
b5 47. b3 1/2-1/2

[Event "USA Championship 2009"]
[Site "Saint Louis USA"]
[Date "2009.05.11"]
[Round "4.9"]
[White "Christiansen, Larry M"]
[Black "Shabalov, Alexander"]
[Result "1/2-1/2"]
[WhiteElo "2588"]
[BlackElo "2569"]
[PlyCount "98"]
[EventDate "2009.05.09"]
[EventType "swiss"]
[EventRounds "9"]
[EventCountry "USA"]
[Source "lmi"]
[SourceDate "2009.05.08"]

1. c4 Nf6 2. Nc3 g6 3. e4 d6 4. d4 Bg7 5. f4 O-O 6. Nf3 c6 7. Be2 a6 8. O-O b5
9. e5 Ne8 10. c5 Nc7 11. cxd6 exd6 12. Ne4 Ne8 13. Be3 Qe7 14. Bf2 Be6 15. Nfg5
Nd7 16. Nxe6 fxe6 17. g3 d5 18. Ng5 Bh6 19. Nf3 Ng7 20. a4 b4 21. Rc1 Rfc8 22.
Qd2 a5 23. g4 Ne8 24. Bh4 Qf8 25. Bg5 Bxg5 26. Nxg5 Ng7 27. Bd3 c5 28. Qe3 Qe7
29. Qh3 Nf8 30. Rf3 c4 31. Bc2 Rc7 32. Qh4 b3 33. Bxg6 hxg6 34. Rh3 Nh5 35.
gxh5 c3 36. Rhxc3 Rac8 37. Qg3 Rc4 38. hxg6 Qa7 39. Qe3 Nxg6 40. Nxe6 Qf7 41.
Rxc4 Rxc4 42. Rxc4 dxc4 43. d5 Qf5 44. Qa7 Qg4+ 45. Kf2 Nxf4 46. Qb8+ Kh7 47.
Qa7+ Kg8 48. Qb8+ Kh7 49. Qa7+ Kg8 1/2-1/2

[Event "USA Championship 2009"]
[Site "Saint Louis USA"]
[Date "2009.05.12"]
[Round "5.5"]
[White "Hess, Robert L"]
[Black "Khachiyan, Melikset"]
[Result "1-0"]
[WhiteElo "2485"]
[BlackElo "2546"]
[PlyCount "88"]
[EventDate "2009.05.09"]
[EventType "swiss"]
[EventRounds "9"]
[EventCountry "USA"]
[Source "lmi"]
[SourceDate "2009.05.08"]

1. e4 c5 2. Nf3 e6 3. d4 cxd4 4. Nxd4 Nf6 5. Nc3 d6 6. g4 h6 7. Bg2 Nc6 8. g5
hxg5 9. Bxg5 Bd7 10. Nb3 a6 11. Qe2 Be7 12. h4 b5 13. a3 Nh5 14. O-O-O Bxg5+
15. hxg5 Qxg5+ 16. Kb1 Ke7 17. Bf3 Nf4 18. Qd2 Qe5 19. Nd5+ exd5 20. exd5 Rxh1
21. Rxh1 Nd8 22. Re1 f6 23. Rxe5+ fxe5 24. Nd4 Rc8 25. c3 g5 26. Qe3 Kf6 27.
Ne2 Bf5+ 28. Ka1 Nxe2 29. Bxe2 Rc5 30. Qf3 e4 31. Qh1 Nf7 32. Qd1 Ne5 33. Qd4
g4 34. b4 Rc8 35. a4 bxa4 36. Bxa6 Rh8 37. b5 e3 38. b6 Rh1+ 39. Ka2 exf2 40.
Qxf2 Rh8 41. b7 Rg8 42. Qb6 Nd7 43. Qxd6+ Kg5 44. Bd3 Be6 1-0

[Event "USA Championship 2009"]
[Site "Saint Louis USA"]
[Date "2009.05.13"]
[Round "6.6"]
[White "Kaidanov, Gregory S"]
[Black "Shankland, Samuel L"]
[Result "1-0"]
[WhiteElo "2595"]
[BlackElo "2446"]
[PlyCount "98"]
[EventDate "2009.05.09"]
[EventType "swiss"]
[EventRounds "9"]
[EventCountry "USA"]
[Source "lmi"]
[SourceDate "2009.05.08"]

1. d4 d5 2. c4 c6 3. Nc3 Nf6 4. e3 e6 5. Nf3 Bd6 6. Bd3 O-O 7. e4 dxe4 8. Nxe4
Nxe4 9. Bxe4 f5 10. Bc2 c5 11. O-O cxd4 12. Nxd4 a6 13. Re1 e5 14. Nf3 e4 15.
c5 Bxc5 16. Bb3+ Kh8 17. Qxd8 Rxd8 18. Ne5 Rf8 19. Be3 Bxe3 20. Rxe3 g6 21. Rh3
Kg7 22. Rc1 f4 23. Rc7+ Kf6 24. Rhc3 Kxe5 25. Rxc8 Nc6 26. Rc7 Rac8 27. Rxb7
Nd4 28. Re7+ Kf5 29. Bc4 a5 30. Kf1 Rfe8 31. Rxh7 e3 32. Rd7 e2+ 33. Ke1 Rcd8
34. Bb5 Rh8 35. Rc5+ Kf6 36. Rcd5 Rxd7 37. Bxd7 f3 38. gxf3 Nxf3+ 39. Kxe2 Ne5
40. Ba4 Rxh2 41. Rxa5 g5 42. Ra6+ Ke7 43. Bb3 Kd7 44. Re6 Ng4 45. Kf3 Nh6 46.
Rg6 g4+ 47. Kg3 Rh3+ 48. Kg2 Ke7 49. Be6 Kd6 1-0

[Event "USA Championship 2009"]
[Site "Saint Louis USA"]
[Date "2009.05.14"]
[Round "7.4"]
[White "Friedel, Joshua E"]
[Black "Hess, Robert L"]
[Result "0-1"]
[WhiteElo "2516"]
[BlackElo "2485"]
[PlyCount "58"]
[EventDate "2009.05.09"]
[EventType "swiss"]
[EventRounds "9"]
[EventCountry "USA"]
[Source "lmi"]
[SourceDate "2009.05.08"]

1. e4 e5 2. Nf3 Nc6 3. Bb5 a6 4. Ba4 d6 5. O-O Bd7 6. d4 Nxd4 7. Bxd7+ Qxd7 8.
Nxd4 exd4 9. Qxd4 Ne7 10. Nc3 Nc6 11. Qd3 Be7 12. Nd5 O-O 13. Bd2 Rae8 14. Bc3
Bd8 15. Rfe1 Ne5 16. Qg3 Ng6 17. Rad1 f6 18. h4 f5 19. exf5 Qxf5 20. Rxe8 Rxe8
21. Ne3 Qf7 22. Rd4 h5 23. a4 Re6 24. a5 Bf6 25. Ra4 Bxc3 26. bxc3 Rf6 27. f3
Nf4 28. Kf2 Ne6 29. Rb4 Nc5 0-1

[Event "USA Championship 2009"]
[Site "Saint Louis USA"]
[Date "2009.05.16"]
[Round "8.1"]
[White "Kamsky, Gata"]
[Black "Onischuk, Alexander"]
[Result "1/2-1/2"]
[WhiteElo "2720"]
[BlackElo "2684"]
[PlyCount "59"]
[EventDate "2009.05.09"]
[EventType "swiss"]
[EventRounds "9"]
[EventCountry "USA"]
[Source "lmi"]
[SourceDate "2009.05.08"]

1. e4 e5 2. Nf3 Nc6 3. Bb5 Nf6 4. O-O Nxe4 5. d4 Nd6 6. Bxc6 dxc6 7. dxe5 Nf5
8. Qxd8+ Kxd8 9. h3 Ke8 10. Nc3 b6 11. Ne4 c5 12. c3 Be6 13. Re1 h6 14. g4 Ne7
15. Ng3 Kd7 16. Nh5 g5 17. b3 a5 18. c4 a4 19. Rb1 Nc6 20. Kg2 Nb4 21. Re2 Kc6
22. Kg3 axb3 23. axb3 b5 24. cxb5+ Kxb5 25. h4 gxh4+ 26. Nxh4 Nd3 27. Re3 Nxc1
28. Rxc1 Ra3 29. Rb1 Kb4 30. Re4+ 1/2-1/2

[Event "USA Championship 2009"]
[Site "Saint Louis USA"]
[Date "2009.05.16"]
[Round "8.8"]
[White "Christiansen, Larry M"]
[Black "Hughes, Tyler B"]
[Result "1-0"]
[WhiteElo "2588"]
[BlackElo "2230"]
[PlyCount "100"]
[EventDate "2009.05.09"]
[EventType "swiss"]
[EventRounds "9"]
[EventCountry "USA"]
[Source "lmi"]
[SourceDate "2009.05.08"]

1. e4 c5 2. Nf3 e6 3. b3 b6 4. d4 cxd4 5. Nxd4 Bb7 6. Nb5 Bxe4 7. N1c3 Nf6 8.
Nd6+ Bxd6 9. Qxd6 Qe7 10. Nb5 Qxd6 11. Nxd6+ Kf8 12. Ba3 Kg8 13. O-O-O Bg6 14.
h4 h5 15. f3 Nc6 16. c4 Ne7 17. Bb2 Rh6 18. Be5 Kf8 19. Be2 Nc6 20. Bf4 Rh8 21.
Rd2 Ne8 22. Nb5 e5 23. Be3 Bf5 24. Kb2 Be6 25. Re1 Nf6 26. Nc3 Rc8 27. Bf1 Ne8
28. Bf2 Rh6 29. Bd3 f6 30. Be4 Nc7 31. Nd5 Ne7 32. Ne3 Rh8 33. g3 Kf7 34. g4
hxg4 35. fxg4 Rhd8 36. Red1 g6 37. Bg3 Kg8 38. Bc2 Rf8 39. Rg1 d5 40. cxd5
Ncxd5 41. Nxd5 Bxd5 42. g5 fxg5 43. Bxe5 Be6 44. hxg5 Bf5 45. Bd1 Rf7 46. Be2
Be6 47. Ba6 Rcf8 48. Rd6 Rf2+ 49. Ka3 Kf7 50. Rh1 Bf5 1-0

[Event "USA Championship 2009"]
[Site "Saint Louis USA"]
[Date "2009.05.16"]
[Round "8.11"]
[White "Khachiyan, Melikset"]
[Black "Eckert, Doug D"]
[Result "0-1"]
[WhiteElo "2546"]
[BlackElo "2275"]
[PlyCount "93"]
[EventDate "2009.05.09"]
[EventType "swiss"]
[EventRounds "9"]
[EventCountry "USA"]
[Source "lmi"]
[SourceDate "2009.05.08"]

1. e4 c5 2. Nc3 Nc6 3. Bb5 Nd4 4. Nf3 Nxb5 5. Nxb5 a6 6. Nc3 d6 7. d4 cxd4 8.
Qxd4 e5 9. Qd3 Be6 10. Bg5 Be7 11. Bxe7 Qxe7 12. O-O-O Rd8 13. Rd2 Nf6 14. Rhd1
O-O 15. Qe3 Qc7 16. h3 b5 17. a3 Rd7 18. Nh4 Rfd8 19. f4 exf4 20. Qxf4 Qc5 21.
Nf5 Qe5 22. Rf2 Qxf4+ 23. Rxf4 Kf8 24. Nxd6 Rxd6 25. Rxd6 Rxd6 26. e5 Nd5 27.
Rf2 Rc6 28. Ne4 Ke7 29. Kd2 h6 30. g4 f6 31. exf6+ Nxf6 32. Nxf6 gxf6 33. b3
Kf7 34. Rf4 Kg6 35. a4 f5 36. axb5 axb5 37. Rb4 Rc5 38. Kd3 fxg4 39. hxg4 Rg5
40. c4 bxc4+ 41. bxc4 Rxg4 42. Rb6 Kf5 43. c5 Ke5 44. c6 Rd4+ 45. Ke3 Rc4 46.
Rb5+ Bd5 47. Rxd5+ 0-1

[Event "USA Championship 2009"]
[Site "Saint Louis USA"]
[Date "2009.05.17"]
[Round "9.8"]
[White "Ibragimov, Ildar"]
[Black "Brooks, Michael A"]
[Result "1-0"]
[WhiteElo "2586"]
[BlackElo "2463"]
[PlyCount "81"]
[EventDate "2009.05.09"]
[EventType "swiss"]
[EventRounds "9"]
[EventCountry "USA"]
[Source "lmi"]
[SourceDate "2009.05.08"]

1. d4 Nf6 2. c4 e6 3. Nf3 Ne4 4. e3 Bb4+ 5. Nbd2 b6 6. Bd3 Bxd2+ 7. Nxd2 Nxd2
8. Bxd2 Bb7 9. e4 O-O 10. Qh5 f6 11. O-O-O Qe8 12. Qh3 e5 13. d5 d6 14. f4 Nd7
15. f5 Nc5 16. g4 Qa4 17. Kb1 Ba6 18. Bc2 Qxc4 19. b3 Qb5 20. g5 fxg5 21. Bxg5
Rf7 22. Rhg1 Kh8 23. Rg4 Nd7 24. Rdg1 Qc5 25. R4g3 Raf8 26. Qg2 Rg8 27. Bh6 Nf6
28. Rxg7 Qxg1+ 29. Qxg1 Rfxg7 30. Bxg7+ Rxg7 31. Qe1 Kg8 32. Qc3 Bb5 33. a4 Be8
34. b4 a6 35. Qd3 a5 36. bxa5 bxa5 37. Qc3 Bxa4 38. Bxa4 Nxd5 39. exd5 Re7 40.
Qe1 Kf7 41. Qh4 1-0